Penipuan umrah dan haji

Bibliographic Details
Main Author: Siti Rohaya Razali
Format: Book
Published: Kuala Lumpur : Pustaka Hakimin , 2018
Series:Ancaman jenayah era siber
Subjects:

MARC

LEADER 00000cam a2200000 7i4500
001 0000083442
005 20190407.0
008 190407
020 |a 9789670696430 (Set) 
020 |a 9789670696461 
041 0 |a Malay 
090 0 0 |a 364.168   |b SIT 
100 0 |a Siti Rohaya Razali 
245 0 0 |a Penipuan umrah dan haji   |c Siti Rohaya Razali 
260 |a Kuala Lumpur :   |b Pustaka Hakimin ,   |c 2018 
300 |a 48p. :   |b col.ill. ;   |c 25.8cm. 
490 0 |a Ancaman jenayah era siber 
541 0 0 |c Purchased on 2018   |f 1487/18 TIM   |h RM30.00 
650 0 |a Computer crimes 
650 0 |a Muslim Pilgrims and pilgrimaqes   |z Saudi Arabia-Mecca 
999 |a 0001566109   |b Book   |c Adult Collection   |e Cawangan Batu Pahat 
999 |a 0001566110   |b Book   |c Adult Collection   |e Cawangan Kota Tinggi 
999 |a 0001566111   |b Book   |c Adult Collection   |e Cawangan Bandar Tenggara 
999 |a 0001566112   |b Book   |c Adult Collection   |e Cawangan Muar 
999 |a 0001566113   |b Book   |c Adult Collection   |e Cawangan Pontian 
999 |a 0001566115   |b Book   |c Adult Collection   |e Cawangan Taman Sri Lambak 
999 |a 0001566116   |b Book   |c Adult Collection   |e Cawangan Bandar Penawar 
999 |a 0001566117   |b Book   |c Adult Collection   |e Cawangan Segamat 
999 |a 0001566118   |b Book   |c Adult Collection   |e Cawangan Tangkak 
999 |a 0001566119   |b Book   |c Adult Collection   |e Cawangan Bukit Gambir 
999 |a 0001566120   |b Book   |c Adult Collection   |e Cawangan Tmn. Ungku Tun Aminah 
999 |a 0001566121   |b Book   |c Adult Collection   |e Cawangan Mersing 
999 |a 0001566138   |b Book   |c Adult Collection   |e Perbadanan Perpustakaan Awam Johor 
999 |a 0001566139   |b Book   |c Adult Collection   |e Perbadanan Perpustakaan Awam Johor 
999 |a 0001566140   |b Book   |c Adult Collection   |e Cawangan Urban Transformation Centre 
999 |a 0001566141   |b Book   |c Adult Collection   |e Cawangan AEON Kulaijaya